000 00449nam a2200169Ia 4500
003 GCL
008 140319s9999 xx 000 0 ara d
040 _aGCL /
_cGCL
082 0 4 _aط
_b813.02
_bح س
100 1 _aحفنى مصطفى حفنى
245 1 0 _aصحوة الابطال /
_cحفنى مصطفى حفنى
300 _a24 ص
490 _a100 قصة
_v0
650 0 4 _aالاطفال
650 0 4 _aقصص الاطفال
942 _2ddc
_cBK
999 _c44945
_d44945